000 00771nam a2200289Ia 4500
005 20260324134111.0
008 008 260324s9999 xx 000 0 eng d
020 _a9781315829395
037 _aEBOOK
040 _aCRL
040 _beng
040 _cCRL
041 _2eng
041 _aeng
084 _qCRL
100 _aMaria Isabel Rivera Vargas
_91195573
245 0 _aTechnology Transfer Via University-Industry Relations
245 4 _bThe Case of the Foreign High Technology Electronic Industry in Mexico's Silicon Valley
260 _bTaylor and Francis
260 _c2002
365 _a
365 _b195
856 _uhttp://www.taylorfrancis.com/books/9781315829395
942 _cEBOOK
999 _c1795283
_d1795283